LEADER 03486 am 2200781 n 450 001 9910495739903321 005 20170116 010 $a2-7132-2611-2 024 7 $a10.4000/books.editionsehess.3116 035 $a(CKB)3710000001633193 035 $a(FrMaCLE)OB-editionsehess-3116 035 $a(oapen)https://directory.doabooks.org/handle/20.500.12854/84999 035 $a(PPN)203893379 035 $a(EXLCZ)993710000001633193 100 $a20170629j|||||||| ||| 0 101 0 $afre 135 $auu||||||m|||| 181 $ctxt$2rdacontent 182 $cc$2rdamedia 183 $acr$2rdacarrier 200 10$aDossier : Des vases pour les Athéniens $evie-ive siècle avant notre ère / 210 $aParis $cÉditions de l?École des hautes études en sciences sociales$d2017 215 $a1 online resource (364 p.) 225 1 $aMètis 311 $a2-7132-2462-4 330 $aDossier : Durant les dernières décennies, la clientèle étrangère de la production du Céramique d?Athènes a été au centre des études céramologiques, même iconographiques. Mètis examine les vases peints produits au Céramique que le client athénien a utilisés dans les différentes occasions de son existence : pratiques quotidiennes, rites sociaux, religieux. Le matériel réuni provient exclusivement d?Athènes, de fouilles anciennes ou récentes et de contextes variés : sanctuaires, nécropoles, habitat ou espaces civiques. Il constitue le point de départ pour la construction d?une nouvelle « Cité des Images », édifiée selon une culture visuelle partagée par le potier, le peintre et leur client. Leur relation directe jette quelque clarté sur le processus créateur même, à la croisée du goût et des exigences du client et du savoir technique et de l?imagination créatrice de l?artisan. Varia : Eschatologie orphico-pythagoricienne, autorité politique et religieuse, genre et larmes du magistrat romain, iconographie et drames satyriques (Prométhée et Pandora), récit autobiographique (Schliemann). 517 $aDossier 606 $aHistory & Archaeology 606 $avases 606 $aGrèce 606 $apeinture 606 $acéramique 606 $aAntiquité 606 $aAthènes 610 $avases 610 $aGrèce 610 $apeinture 610 $acéramique 610 $aAntiquité 610 $aAthènes 615 4$aHistory & Archaeology 615 4$avases 615 4$aGrèce 615 4$apeinture 615 4$acéramique 615 4$aAntiquité 615 4$aAthènes 700 $aAkar$b Philippe$01284568 701 $aEschbach$b Norbert$0153231 701 $aFornis$b César$0598317 701 $aGhidini$b Marisa Tortorelli$01329399 701 $aGiordano$b Manuela$0242215 701 $aJeammet$b Violaine$0437755 701 $aJubier-Galinier$b Cécile$01329400 701 $aLouis$b Annick$01284613 701 $aLynch$b Kathleen$01329401 701 $aOsborne$b Robin$0153734 701 $aPuig$b Marie-Christine Villanueva$01319809 701 $aSabetai$b Victoria$0730552 701 $aStroszeck$b Jutta$0241659 701 $aVerbanck-Piérard$b Annie$01329402 701 $aViscardi$b Giuseppina Paola$0742924 701 $aWilliams$b Dyfri$0174324 801 0$bFR-FrMaCLE 906 $aBOOK 912 $a9910495739903321 996 $aDossier : Des vases pour les Athéniens$93039462 997 $aUNINA LEADER 02620nam 2200613Ia 450 001 9910961159803321 005 20200520144314.0 010 $a1-280-08444-8 010 $a9786610084449 010 $a1-4175-2451-0 010 $a92-4-068011-X 035 $a(CKB)1000000000000833 035 $a(EBL)284672 035 $a(OCoLC)181845528 035 $a(SSID)ssj0000109039 035 $a(PQKBManifestationID)11138071 035 $a(PQKBTitleCode)TC0000109039 035 $a(PQKBWorkID)10045116 035 $a(PQKB)10723319 035 $a(MiAaPQ)EBC284672 035 $a(Au-PeEL)EBL284672 035 $a(CaPaEBR)ebr10062389 035 $a(CaONFJC)MIL8444 035 $a(EXLCZ)991000000000000833 100 $a20040924d2003 my 0 101 0 $aeng 135 $aur|n|---||||| 181 $ctxt$2rdacontent 182 $cc$2rdamedia 183 $acr$2rdacarrier 200 00$aBasic laboratory procedures in clinical bacteriology /$fJ. Vandepitte ... [et al.] 205 $a2nd ed,. 210 $aGeneva $cWorld Health Organization$d2003 215 $a1 online resource (177 pages) $cillustrations 300 $aDescription based upon print version of record. 311 0 $a92-4-154545-3 320 $aIncludes bibliographical references and index. 327 $aContents; Preface; Introduction; Quality assurance in bacteriology; PART I: Bacteriological investigations; PART II: Essential media and reagents; Selected further reading; Index 330 $aThis manual is a practical guide, for use by laboratory workers in health centres and district hospitals, to the procedures to be followed in obtaining specimens, isolating and identifying bacteria, and assessing their resistance to antibiotics. It covers bacteriological investigation of blood, cerebrospinal fluid, urine, stool, sputum, pharyngeal and genital specimens, and purulent exudates. Particular attention is given to the need for quality control of all laboratory procedures. A list of media and reagents needed for the isolation and identification of the most common bacterial pathogens 606 $aDiagnostic bacteriology$vLaboratory manuals 606 $aMedical bacteriology 608 $aGuideline.$2mesh 615 0$aDiagnostic bacteriology 615 0$aMedical bacteriology. 676 $a616.07/581 701 $aVandepitte$b J$01820260 712 02$aWorld Health Organization. 801 0$bMiAaPQ 801 1$bMiAaPQ 801 2$bMiAaPQ 906 $aBOOK 912 $a9910961159803321 996 $aBasic laboratory procedures in clinical bacteriology$94382104 997 $aUNINA